| 000 | 01089nam a22003257a 4500 | ||
|---|---|---|---|
| 003 | OSt | ||
| 005 | 20260127145612.0 | ||
| 008 | 260127t1999 ua ||||fr|||| 000 0 eng d | ||
| 020 | _a 9775813557 | ||
| 040 |
_aDLC _cDLC _dDLC _beng _erda |
||
| 041 | 0 | _aeng | |
| 050 | _a | ||
| 082 |
_a255.9 _221 _bA B . V |
||
| 092 | 0 | 4 | _221 |
| 099 | _aLaw1 01 255.9 A B . V 1999 | ||
| 100 | 1 |
_a`Abd Al-`Aziz, Jum`ah Amin _eAuthor. |
|
| 245 | 1 | 0 |
_aViolence : _bOpinion & Remède _cJum`ah Amin `Abd Al-`Aziz. |
| 246 | 2 | 3 |
_aظاهرة العنف _b: الرؤية والعلاج باللغة الإنجليزية |
| 264 | 1 |
_acairo : _bAl-falah foundation, _c1999. |
|
| 300 |
_a163pages,unnumbered pages, various pagings ; _c22 cm. |
||
| 336 |
_2rda content _atext |
||
| 337 |
_2rda media _aComputer |
||
| 338 |
_2rda carrier _aOnline Resource |
||
| 504 | _a Includes bibliographical references | ||
| 546 | _aText in English | ||
| 650 | 7 | _2shariaa | |
| 856 | 4 | 0 | _uhttps://docs.google.com/viewer?url=https://www.muslim-library.com/dl/B01-00022.fr5133.pdf |
| 905 | _a62 | ||
| 942 |
_2ddc _cBK _n0 _e21 |
||
| 999 |
_c59605 _d59605 |
||